Hādhā majmūʻ muzdawijāt /
Main Author:
Format: Book
Language: Arabic
Published:
[Alexandria, Egypt :
al-Maṭbaʻah al-Saʻdīyah,
[1290 i.e. 1873 or 1874].
Subjects:
Tags: Add Tag
Call Number: PJ7760 .S2 L3 v.1
| LEADER | 01359nam a2200265Ia 4500 | ||
|---|---|---|---|
| 003 | OSt | ||
| 005 | 20231120112234.0 | ||
| 008 | 130303s1873 ua 000 0 ara d | ||
| 952 | |0 0 |1 0 |2 lcc |3 V.1 |4 0 |6 PJ7760 S2 L3 V.00001 |7 1 |9 56578 |a ARCE |b ARCE |d 2023-11-20 |l 0 |o PJ7760 .S2 L3 v.1 |p 1024948 |r 2023-11-20 00:00:00 |w 2023-11-20 |y BK | ||
| 999 | |c 29483 |d 29483 | ||
| 010 | |a 75587823 | ||
| 040 | |c ARCE Library | ||
| 050 | 4 | |a PJ7760 .S2 L3 v.1 | |
| 100 | 1 | |6 880-01 |a Ḥillī, Ṣafī al-Dīn ʻAbd al-ʻAzīz ibn Sarāyā, |d 1278- |e author | |
| 245 | 1 | 0 | |6 880-02 |a Hādhā majmūʻ muzdawijāt / |c li-jamāʻah min al-afāḍil al-akhyār, maʻa qaṣāʼid minhā al-Urtuqīyāt lil-Ḥillī. |
| 246 | 3 | 0 | |a Majmūʻ muzdawijāt |
| 264 | 1 | |a [Alexandria, Egypt : |b al-Maṭbaʻah al-Saʻdīyah, |c [1290 i.e. 1873 or 1874]. | |
| 300 | |a 135 pages ; |c 20 cm. | ||
| 555 | |a Hadeer | ||
| 555 | |a wafaa.lib | ||
| 650 | 0 | |a Islamic poetry, Arabic |x History and criticism. | |
| 880 | 1 | |6 100-01/(3/r |a حلي، صفي الدين عبد العزيز بن سرايا، |d 1278- | |
| 880 | 1 | 0 | |6 245-02/(3/r |a هذا مجموع مزدوجات |c لجماعة من الأفاضل الأخيار، مع قصائد منها الأرتقيات للحلي. |
| 901 | |a reviewed | ||
| 942 | |c BK |2 lcc | ||
